[Event "Xtracon Chess Open 2017"]
[Site "Helsingor DEN"]
[Date "2017.07.24"]
[Round "4.161"]
[White "Warston, Hakan"]
[Black "Dishman, Matthew"]
[Result "0-1"]
[WhiteElo "1623"]
[BlackElo "1824"]
[WhiteFideId "1717367"]
[BlackFideId "438642"]
[EventDate "2017.07.22"]

1. d4 Nf6 2. c4 e6 3. Nc3 Bb4 4. e3 O-O 5. Ne2 Re8 6. a3 Bf8 7. d5 b6 8. Ng3 Bb7
9. Be2 a5 10. O-O Na6 11. e4 e5 12. Be3 Bc5 13. Bxc5 Nxc5 14. b4 axb4 15. axb4
Rxa1 16. Qxa1 Nb3 17. Qb2 Nd4 18. Ra1 Qb8 19. f3 c6 20. Bd3 Qc7 21. Nge2 Nxe2+
22. Nxe2 b5 23. Nc3 Rc8 24. dxc6 dxc6 25. c5 Rd8 26. Be2 Bc8 27. Qc2 Be6 28. Rd1
g6 29. Rxd8+ Qxd8 30. Qd3 Qxd3 31. Bxd3 Nd7 32. Nxb5 cxb5 33. Bxb5 Kf8 34. c6
Nb6 35. Bd3 Ke7 36. Kf2 Kd6 37. b5 Bc4 38. Bxc4 Nxc4 39. Ke2 Na3 40. b6 Kxc6 41.
b7 Kxb7 42. Kd3 Kc6 43. g3 f6 44. h4 Kc5 45. f4 h6 46. f5 g5 47. Ke3 Kc4 48.
hxg5 hxg5 49. g4 Kc3 0-1

[Event "Xtracon Chess Open 2017"]
[Site "Helsingor DEN"]
[Date "2017.07.24"]
[Round "4.162"]
[White "Tryggestad, Linnea Garberg"]
[Black "Amin, Idris"]
[Result "0-1"]
[WhiteElo "1597"]
[BlackElo "1819"]
[WhiteFideId "1518623"]
[BlackFideId "1746022"]
[EventDate "2017.07.22"]

1. d4 d6 2. c4 g6 3. Nc3 Bg7 4. Nf3 Nf6 5. Bf4 O-O 6. e3 Nh5 7. Bg3 Nxg3 8. hxg3
Nd7 9. Bd3 c5 10. Bc2 Qa5 11. Bb3 a6 12. Qc2 b5 13. cxb5 axb5 14. Bd5 Rb8 15.
Ng5 Nf6 16. Nxh7 Nxd5 17. Nxf8 Kxf8 18. O-O Nb4 19. Qe4 Bf5 20. Qf3 cxd4 21.
exd4 Nc2 22. Rad1 Nxd4 23. Qe3 b4 24. Ne2 Nxe2+ 25. Qxe2 Qxa2 26. Rfe1 Bf6 27.
Rd2 Qa7 28. Rdd1 Rc8 29. Ra1 Qd4 30. b3 Rc2 31. Qe3 Qxe3 32. Rxe3 Bxa1 0-1

[Event "Xtracon Chess Open 2017"]
[Site "Helsingor DEN"]
[Date "2017.07.24"]
[Round "4.163"]
[White "Hansen, Simon L."]
[Black "Gaure, Sigurd Lauvas"]
[Result "1-0"]
[WhiteElo "1819"]
[BlackElo "1619"]
[WhiteFideId "1446894"]
[BlackFideId "1524933"]
[EventDate "2017.07.22"]

1. e4 c5 2. Nf3 d6 3. d4 cxd4 4. Nxd4 Nf6 5. Nc3 g6 6. Be3 Bg7 7. f3 O-O 8. Qd2
Nc6 9. Bc4 Bd7 10. O-O-O Rc8 11. Bb3 Qa5 12. h4 h5 13. g4 hxg4 14. h5 gxh5 15.
Bh6 Nxd4 16. Bxg7 Nxb3+ 17. axb3 Kxg7 18. b4 Qa1+ 19. Nb1 Rh8 20. Qg5+ Kf8 21.
e5 dxe5 22. Qxe5 Bc6 23. Rhe1 Bxf3 24. Qxe7+ Kg7 25. Rd7 Rhf8 26. Re6 Ne4 27.
Rdd6 Rxc2+ 28. Kxc2 Rc8+ 29. Kb3 Nd2+ 30. Rxd2 Qxb1 31. Qg5+ Kf8 32. Red6 Bd1+
33. Rxd1 Qc2+ 34. Ka3 Rc3+ 35. bxc3 Qxc3+ 36. Ka4 Qc2+ 37. Kb5 Qe2+ 38. R1d3
Qe8+ 39. Rd7 a6+ 40. Ka4 b6 41. Ka3 f6 42. Qxf6+ Kg8 43. Qg7# 1-0

[Event "Xtracon Chess Open 2017"]
[Site "Helsingor DEN"]
[Date "2017.07.24"]
[Round "4.164"]
[White "Rasmussen, Ole"]
[Black "Kvaloy, Aksel Bu"]
[Result "0-1"]
[WhiteElo "1577"]
[BlackElo "1818"]
[WhiteFideId "1417118"]
[BlackFideId "1528815"]
[EventDate "2017.07.22"]

1. e4 c5 2. Nf3 g6 3. Nc3 Bg7 4. d4 cxd4 5. Nxd4 Nc6 6. Be3 Nf6 7. f3 O-O 8. Qd2
d5 9. Nxc6 bxc6 10. O-O-O Qa5 11. exd5 cxd5 12. a3 Rd8 13. Ne4 Qc7 14. Nc3 Bb7
15. Nb5 Qd7 16. Nd4 e5 17. Nb3 Rac8 18. Nc5 Qc7 19. Nxb7 Qxb7 20. Qa5 Qc6 21.
Qd2 d4 22. Bg5 Rb8 23. Kb1 Qb7 24. Qc1 Nd5 25. Bd2 d3 26. c3 Qb3 27. Ka1 Rdc8
28. Bxd3 Rc5 29. Be4 Nb6 30. Bc2 Qc4 31. b3 Qa6 32. Ka2 Nd5 33. Be4 Qb5 34. Qc2
Nb6 35. Rb1 f5 36. Bd3 Qc6 37. Rhc1 Rd8 38. Be3 Rcd5 39. Bxb6 axb6 40. Bc4 b5
41. Bxd5+ Rxd5 42. c4 Rc5 43. Qd3 Qc7 44. Rc2 b4 45. a4 e4 46. fxe4 fxe4 47.
Qxe4 Qc8 48. Re1 Re5 49. Qh4 Qe8 50. Rd1 g5 51. Qf2 h6 52. Rcd2 Kh7 53. Kb1 Qg6+
54. Rd3 Rf5 55. Qc2 Qf6 56. Rd6 Qa1# 0-1

[Event "Xtracon Chess Open 2017"]
[Site "Helsingor DEN"]
[Date "2017.07.24"]
[Round "4.165"]
[White "Calderon, Paul"]
[Black "Kristensen, Thomas Overgaard"]
[Result "1-0"]
[WhiteElo "1814"]
[BlackElo "1610"]
[WhiteFideId "2082160"]
[BlackFideId "1419803"]
[EventDate "2017.07.22"]

1. c4 Nf6 2. Nc3 e6 3. e4 d5 4. e5 d4 5. exf6 dxc3 6. bxc3 Qxf6 7. d4 Nd7 8. Nf3
h6 9. Bd3 Bd6 10. O-O O-O 11. Re1 b6 12. Be4 Rb8 13. Qa4 a5 14. Bc6 Rd8 15. Rb1
Qf5 16. Be3 e5 17. c5 Bf8 18. cxb6 cxb6 19. Nxe5 Nxe5 20. dxe5 Qxe5 21. Bf4 Qf6
22. Bxb8 Bf5 23. Be5 Qg5 24. Rbd1 Rd2 25. Qf4 Rxd1 26. Rxd1 Qg6 27. Bf3 Bc2 28.
Re1 Bb1 29. Be4 Bxe4 30. Qxe4 Qe6 31. a4 Qd7 32. h3 f6 33. Bd4 Qxa4 34. Qe6+ Kh8
35. Qe8 Qa3 36. Qf7 a4 37. h4 b5 38. h5 Qd6 39. Re8 1-0

[Event "Xtracon Chess Open 2017"]
[Site "Helsingor DEN"]
[Date "2017.07.24"]
[Round "4.166"]
[White "Naesborg, Jens-Ole"]
[Black "Persson, Lars 1958"]
[Result "1-0"]
[WhiteElo "1808"]
[BlackElo "1590"]
[WhiteFideId "1443577"]
[BlackFideId "1742469"]
[EventDate "2017.07.22"]

1. e4 d6 2. d4 Nf6 3. Nc3 e6 4. Nf3 Be7 5. Bd3 O-O 6. b3 Nbd7 7. Bb2 c6 8. Qe2
e5 9. h3 Re8 10. g4 Bf8 11. O-O-O exd4 12. Nxd4 Nc5 13. g5 Nfd7 14. f4 d5 15. e5
Nxd3+ 16. Rxd3 Nc5 17. Rg3 Ne6 18. Nxe6 Bxe6 19. h4 g6 20. h5 Qd7 21. Qh2 Bf5
22. hxg6 Bxg6 23. Rh3 Qf5 24. Nd1 Bc5 25. Ne3 Bxe3+ 26. Rxe3 Re6 27. Rd3 Qg4 28.
Rg1 Qh5 29. Rh3 1-0

[Event "Xtracon Chess Open 2017"]
[Site "Helsingor DEN"]
[Date "2017.07.24"]
[Round "4.167"]
[White "Tonnesen, Jan Ryder"]
[Black "Haugaard, Thomas"]
[Result "1/2-1/2"]
[WhiteElo "1575"]
[BlackElo "1797"]
[WhiteFideId "1461869"]
[BlackFideId "1414330"]
[EventDate "2017.07.22"]

1. d4 Nf6 2. Nf3 d5 3. c4 c6 4. Nc3 dxc4 5. e4 e6 6. Bxc4 b5 7. Bb3 Nbd7 8. Bg5
h6 9. Bf4 b4 10. Ne2 Nxe4 11. Qc2 Ndf6 12. Ba4 Bd7 13. Bxc6 Rc8 14. Bxd7+ Qxd7
15. Qd3 Bd6 16. Bxd6 Nxd6 17. O-O O-O 18. Ne5 Qb7 19. Rac1 Rfd8 20. Rxc8 Rxc8
21. Rc1 Rxc1+ 22. Nxc1 Qe4 23. Qxe4 Nfxe4 1/2-1/2

[Event "Xtracon Chess Open 2017"]
[Site "Helsingor DEN"]
[Date "2017.07.24"]
[Round "4.168"]
[White "Frederiksen Kristian, Pade"]
[Black "Ronnestad, Liam Jansson"]
[Result "1-0"]
[WhiteElo "1783"]
[BlackElo "1569"]
[WhiteFideId "1435205"]
[BlackFideId "1523384"]
[EventDate "2017.07.22"]

1. d4 d5 2. c4 c6 3. Nc3 Nf6 4. e3 e6 5. Nf3 Nbd7 6. Be2 Bb4 7. O-O O-O 8. Qc2
Re8 9. Bd2 e5 10. Nxd5 Nxd5 11. cxd5 Bxd2 12. dxc6 bxc6 13. Qxd2 Bb7 14. dxe5
Nxe5 15. Qc3 Nxf3+ 16. Bxf3 Qg5 17. Rfd1 Rad8 18. Rd4 h5 19. Ra4 a6 20. Ra5 f5
21. Qb3+ Kh7 22. Qxb7 Re7 23. Qxc6 Red7 24. Rd5 Rxd5 25. Bxd5 f4 26. Be4+ Kh8
27. exf4 Qxf4 28. Qg6 Qh6 29. Kf1 Kg8 30. Qxh6 gxh6 31. Rc1 Rd2 32. Rc2 Rd4 33.
f3 Kf8 34. Ke2 1-0

[Event "Xtracon Chess Open 2017"]
[Site "Helsingor DEN"]
[Date "2017.07.24"]
[Round "4.169"]
[White "Shehzad, Alisha"]
[Black "Wiberg, Jonas"]
[Result "1/2-1/2"]
[WhiteElo "1573"]
[BlackElo "1773"]
[WhiteFideId "1521926"]
[BlackFideId "1720090"]
[EventDate "2017.07.22"]

1. e4 c6 2. d4 d5 3. exd5 cxd5 4. Bd3 Nc6 5. c3 Nf6 6. Bf4 e6 7. h3 Bd6 8. Bxd6
Qxd6 9. Nf3 Bd7 10. Nbd2 O-O 11. O-O Rac8 12. Re1 Rfd8 13. Ne5 Qf8 14. f4 g6 15.
Nb3 Rc7 16. Nc5 Bc8 17. Bb5 Nxe5 18. fxe5 Nh5 19. g4 Ng7 20. Kh2 Qe7 21. Qf3 b6
22. Nb3 Bd7 23. Bd3 a5 24. Nd2 Rb8 25. Rf1 Rf8 26. Qf6 Qxf6 27. Rxf6 Ne8 28. Rf2
Ra7 29. h4 h6 30. Raf1 Kg7 31. a3 Ra8 32. h5 g5 33. Bg6 Nd6 34. Bd3 Bb5 35. Bxb5
Nxb5 36. Rf6 Rac8 37. R1f2 Nc7 1/2-1/2

[Event "Xtracon Chess Open 2017"]
[Site "Helsingor DEN"]
[Date "2017.07.24"]
[Round "4.170"]
[White "Norevall, Ulf"]
[Black "Joensen, Sigurd"]
[Result "1-0"]
[WhiteElo "1769"]
[BlackElo "1567"]
[WhiteFideId "1705555"]
[BlackFideId "7200935"]
[EventDate "2017.07.22"]

1. d4 d5 2. c4 e6 3. Nc3 Bb4 4. Nf3 Nf6 5. Bg5 h6 6. Bh4 c6 7. cxd5 exd5 8. Qb3
Be7 9. e3 O-O 10. Bd3 Ng4 11. Bxe7 Qxe7 12. O-O Nf6 13. Nd2 Nbd7 14. Rae1 Re8
15. f3 Nf8 16. Kh1 Be6 17. Qd1 Qd7 18. Nb3 b6 19. Qd2 Rac8 20. Qf2 Re7 21. Qg3
Rce8 22. e4 dxe4 23. fxe4 N6h7 24. Qf2 Bxb3 25. axb3 Ng5 26. h4 Nge6 27. d5 Nc5
28. Bc4 Nxe4 29. Nxe4 cxd5 30. Bb5 Qxb5 31. Nd6 Qd7 32. Nxe8 Qxe8 33. Rd1 Qd8
34. Qd4 Rd7 35. g3 Ne6 36. Qe5 d4 37. Kh2 Rd5 38. Qe1 Qd6 39. Qf2 f6 40. Rfe1
Kf7 41. Qc2 d3 42. Qc8 a5 43. Re4 Qd7 44. Qxd7+ Rxd7 45. b4 axb4 46. Rxb4 Rd6
47. Kg2 Nc5 48. Kf3 Re6 49. Rd4 g6 50. b4 Na6 51. R1xd3 f5 52. Ra3 Nb8 53. b5
Re7 54. Rad3 Rb7 55. Rd8 h5 56. Kf4 Ke7 57. Rh8 Nd7 58. Kg5 Nc5 59. Rh7+ Kf8 60.
Rd8# 1-0

[Event "Xtracon Chess Open 2017"]
[Site "Helsingor DEN"]
[Date "2017.07.24"]
[Round "4.171"]
[White "Skovgaard, Emil"]
[Black "Jacobsen, Fredrik Lytomt"]
[Result "1-0"]
[WhiteElo "1764"]
[BlackElo "1551"]
[WhiteFideId "1450972"]
[BlackFideId "1519808"]
[EventDate "2017.07.22"]

1. Nf3 d5 2. d4 Nf6 3. c4 e6 4. Nc3 c6 5. Bg5 Nbd7 6. e3 Bd6 7. c5 Be7 8. b4 b6
9. Bd3 a5 10. a3 O-O 11. O-O Nb8 12. Qc2 Ba6 13. Bxf6 Bxd3 14. Bxe7 Bxc2 15.
Bxd8 Rxd8 16. cxb6 axb4 17. axb4 Rxa1 18. Rxa1 Nd7 19. b7 Rb8 20. Ra8 f6 21. Ra6
Rxb7 22. Rxc6 Kf7 23. Ne1 Bb3 24. Nd3 Bc4 25. Nb2 Rxb4 26. Nxc4 Rxc4 27. Rxc4
dxc4 28. e4 Nb6 29. f3 Ke7 30. Kf2 g6 31. Ke3 e5 32. Nb5 exd4+ 33. Kxd4 Na4 34.
g3 Nb2 35. f4 Nd3 36. Na3 Ne1 37. Kxc4 Nf3 38. h4 Nd2+ 39. Kd3 Nf1 40. g4 Nh2
41. g5 f5 42. e5 Nf3 43. Ke3 Ne1 44. Nc4 Ng2+ 45. Kf3 Ne1+ 46. Kg3 Nd3 47. Nb6
Nc5 48. Nd5+ Kf7 49. Nf6 Kg7 50. h5 Ne6 51. h6+ Kh8 52. Nd5 Kg8 53. Kf3 Kf7 54.
Ke3 Ke8 55. Nf6+ Kf7 56. Nxh7 Kg8 57. Nf6+ Kh8 58. Nd5 Kh7 59. Kd3 Kh8 60. Kc4
Kh7 61. Kb5 Kh8 62. Kc6 Kh7 63. Kd6 Nf8 64. e6 Nxe6 65. Kxe6 Kh8 66. Kf7 Kh7 67.
Ne7 Kh8 68. Nxg6+ Kh7 69. Ne7 Kh8 70. Nxf5 Kh7 71. g6+ Kh8 72. g7+ Kh7 73. g8=Q# 1-0

[Event "Xtracon Chess Open 2017"]
[Site "Helsingor DEN"]
[Date "2017.07.24"]
[Round "4.172"]
[White "Hina, Ariza"]
[Black "Svanholm, Borge Waaktaar"]
[Result "0-1"]
[WhiteElo "1555"]
[BlackElo "1761"]
[WhiteFideId "1525441"]
[BlackFideId "1504835"]
[EventDate "2017.07.22"]

1. e4 e6 2. d4 d5 3. Nc3 Nf6 4. Bg5 Be7 5. e5 Nfd7 6. Bxe7 Qxe7 7. Nf3 a6 8. Bd3
c5 9. dxc5 Nc6 10. O-O Nxc5 11. Re1 O-O 12. Qd2 Bd7 13. h4 Rac8 14. Ng5 h6 15.
Nf3 Nxd3 16. Qxd3 Qb4 17. a3 Qc5 18. g4 Ne7 19. h5 Qc4 20. Qxc4 Rxc4 21. Rad1
Rxg4+ 22. Kh2 Rc8 23. Re3 Nf5 24. Red3 Rgc4 25. Kh3 Be8 26. Nd4 Nxd4 27. Rxd4
Rxd4 28. Rxd4 Kf8 29. Kg3 Rc6 30. Rb4 Rc7 31. Rb6 Ke7 32. Rb4 f5 33. Kh4 Bc6 34.
f4 Bd7 35. Kg3 b5 36. Kh4 Rc8 37. Rd4 Be8 38. Rb4 Bd7 39. Kg3 Be8 40. Kh4 Rc5
41. Rd4 Kd7 42. a4 Kc7 43. a5 Rc4 44. Rxc4+ dxc4 45. b4 cxb3 46. cxb3 Kc6 47. b4
Bf7 48. Kg3 Bxh5 49. Kh4 Be8 50. Kg3 g5 0-1

[Event "Xtracon Chess Open 2017"]
[Site "Helsingor DEN"]
[Date "2017.07.24"]
[Round "4.173"]
[White "Pedersen, Carl Aage"]
[Black "Skjoldager, Morten"]
[Result "1/2-1/2"]
[WhiteElo "1758"]
[BlackElo "1538"]
[WhiteFideId "1417614"]
[BlackFideId "1434322"]
[EventDate "2017.07.22"]

1. d4 Nf6 2. c4 e6 3. Nc3 d5 4. Bg5 Be7 5. Nf3 Nbd7 6. e3 b6 7. Bd3 O-O 8. O-O
Bb7 9. cxd5 exd5 10. h3 Rc8 11. a3 Ne8 12. Bxe7 Qxe7 13. Rc1 Ndf6 14. Qe2 Nd6
15. Nb5 Nxb5 16. Bxb5 c5 17. dxc5 bxc5 18. Ba6 Rfe8 19. Bxb7 Qxb7 20. Qc2 Re6
21. Nd2 Rb6 22. b3 h6 23. Qf5 1/2-1/2

[Event "Xtracon Chess Open 2017"]
[Site "Helsingor DEN"]
[Date "2017.07.24"]
[Round "4.174"]
[White "Hestholm, Sverre"]
[Black "Rendlev, Niels Moller"]
[Result "0-1"]
[WhiteElo "1531"]
[BlackElo "1756"]
[WhiteFideId "1529161"]
[BlackFideId "1409042"]
[EventDate "2017.07.22"]

1. e4 e6 2. d4 d5 3. Nc3 Nf6 4. Bg5 Be7 5. e5 Nfd7 6. h4 c5 7. f4 a6 8. Nf3 Nc6
9. Qd2 h6 10. Bxe7 Qxe7 11. g4 cxd4 12. Nxd4 Nc5 13. O-O-O Nxd4 14. Qxd4 Bd7 15.
f5 Bc6 16. Bg2 O-O-O 17. Kb1 Kb8 18. Qb4 Rhe8 19. Rhe1 Nd7 20. Qxe7 Rxe7 21.
fxe6 fxe6 22. Re2 Rf8 23. Rf1 Rxf1+ 24. Bxf1 Rf7 25. Bh3 g5 26. hxg5 hxg5 27.
Nd1 Bb5 28. Rf2 Rxf2 29. Nxf2 Nxe5 30. b3 Kc7 31. Kc1 Bc6 32. Nd3 Nxd3+ 33. cxd3
e5 34. Kd2 d4 35. Bf1 Bd5 36. Be2 a5 37. Kc2 Kd6 38. a3 Kc5 39. Bf1 Bf3 40. Bh3
b6 41. Kd2 Kd5 42. Ke1 Kc5 43. Kd2 b5 44. Ke1 b4 45. a4 Bd5 0-1

[Event "Xtracon Chess Open 2017"]
[Site "Helsingor DEN"]
[Date "2017.07.24"]
[Round "4.175"]
[White "Svane, Freja"]
[Black "Nielsen, Jorgen Kamp"]
[Result "1-0"]
[WhiteElo "1451"]
[BlackElo "1751"]
[WhiteFideId "12940100"]
[BlackFideId "1413279"]
[EventDate "2017.07.22"]

1. d4 Nf6 2. c4 g6 3. Nc3 d5 4. Nf3 Bg7 5. Bf4 O-O 6. e3 c5 7. dxc5 Qa5 8. Qd2
dxc4 9. Ne4 Qxd2+ 10. Nexd2 c3 11. bxc3 Nd5 12. Be5 f6 13. Bc4 e6 14. Bxd5 fxe5
15. Be4 Bd7 16. Bxb7 1-0

[Event "Xtracon Chess Open 2017"]
[Site "Helsingor DEN"]
[Date "2017.07.24"]
[Round "4.176"]
[White "Hojgaard, Brandur"]
[Black "Kvamme, Ingrid Jodre"]
[Result "1/2-1/2"]
[WhiteElo "1747"]
[BlackElo "1512"]
[WhiteFideId "7201478"]
[BlackFideId "1516981"]
[EventDate "2017.07.22"]

1. Nf3 c5 2. c4 Nf6 3. g3 g6 4. Bg2 Bg7 5. Nc3 O-O 6. O-O Nc6 7. d3 a6 8. Rb1
Rb8 9. Bf4 d6 10. Qd2 b5 11. Bh6 bxc4 12. Bxg7 Kxg7 13. dxc4 Bf5 14. Rbc1 Qa5
15. Nh4 Bd7 16. f4 Rb4 17. b3 Qb6 18. f5 a5 19. fxg6 hxg6 20. Rxf6 exf6 21. Nd5
Qa7 22. Rf1 f5 23. Nxb4 cxb4+ 24. Kh1 Qc5 25. Rd1 Be6 26. Nf3 Rd8 27. Ng5 Ne5
28. Nxe6+ fxe6 29. Bf3 1/2-1/2

[Event "Xtracon Chess Open 2017"]
[Site "Helsingor DEN"]
[Date "2017.07.24"]
[Round "4.177"]
[White "Huse, Arne Kjelsbol"]
[Black "Dittrich, Hans-Georg"]
[Result "0-1"]
[WhiteElo "1352"]
[BlackElo "1742"]
[WhiteFideId "1520709"]
[BlackFideId "12923591"]
[EventDate "2017.07.22"]

1. e4 e6 2. d4 c5 3. c3 a6 4. Bd3 b5 5. Bf4 Bb7 6. Nf3 Nf6 7. Nbd2 Be7 8. O-O
O-O 9. Re1 Nc6 10. Bc2 Na5 11. b3 cxd4 12. cxd4 Rc8 13. Nf1 Re8 14. Rc1 Ba3 15.
Rb1 Nc6 16. Bd2 Nb4 17. Bxb4 Bxb4 18. Re2 Qc7 19. Qd3 Qc3 20. Qd1 d6 21. Rc1 Ba3
22. Rb1 Rc7 23. Bd3 Rec8 24. Rc2 Qb4 25. Rxc7 Rxc7 26. Qe2 d5 27. e5 Ne4 28.
Bxe4 dxe4 29. N3d2 Qxd4 30. Ng3 Qxe5 31. Ndxe4 f5 32. Ng5 Qxe2 33. Nxe2 e5 34.
Ng3 g6 35. Rd1 Rc1 36. Rxc1 Bxc1 37. Ne6 Ba3 38. Ne2 Bd6 39. Nc1 Be4 40. Kf1 Bb1
41. Ke2 h6 42. Nd8 Kg7 43. Nc6 Be4 44. Nd8 Bxg2 45. f3 e4 46. fxe4 Bxe4 47. h3
Kf6 48. Nd3 Ke7 0-1

[Event "Xtracon Chess Open 2017"]
[Site "Helsingor DEN"]
[Date "2017.07.24"]
[Round "4.178"]
[White "Verboven, Arnout"]
[Black "Damm, Henrik"]
[Result "1/2-1/2"]
[WhiteElo "1739"]
[BlackElo "1506"]
[WhiteFideId "236012"]
[BlackFideId "1425013"]
[EventDate "2017.07.22"]

1. e4 c5 2. Nf3 Nc6 3. d4 cxd4 4. Nxd4 g6 5. Bb5 Bg7 6. Bxc6 bxc6 7. c3 Nf6 8.
f3 Ba6 9. Be3 Rb8 10. Qd2 O-O 11. Na3 c5 12. Nb3 d6 13. Rb1 Nd7 14. Kf2 f5 15.
exf5 Rxf5 16. Rhe1 Kh8 17. Rbd1 Qc7 18. Bf4 Ne5 19. Nc1 Qb6 20. b3 Rbf8 21. Bxe5
Bxe5 22. Nc4 Bxc4 23. bxc4 Qb7 1/2-1/2

[Event "Xtracon Chess Open 2017"]
[Site "Helsingor DEN"]
[Date "2017.07.24"]
[Round "4.180"]
[White "Joa, Vegard"]
[Black "Madison, Sigurd"]
[Result "0-1"]
[WhiteElo "1105"]
[BlackElo "1736"]
[WhiteFideId "1523490"]
[BlackFideId "1711806"]
[EventDate "2017.07.22"]

1. d4 d5 2. e3 Nf6 3. c4 c6 4. Nf3 g6 5. cxd5 cxd5 6. Bd3 Nc6 7. O-O Bg7 8. b3
O-O 9. Bb2 Nb4 10. a3 Nxd3 11. Qxd3 Bf5 12. Qb5 Rb8 13. Nbd2 a6 14. Qe2 Qd6 15.
g3 Bg4 16. a4 Ne4 17. Rfd1 Qf6 18. Kg2 Qf5 19. Rac1 Rbc8 20. Ba3 Rxc1 21. Bxc1
Nc3 22. Nh4 Qh5 23. Qe1 Bxd1 24. Nhf3 Bc2 25. Ba3 Rc8 26. Bc5 Bf5 27. Bxe7 Bh3+
28. Kh1 Ne4 29. Ng1 Rc1 30. Nxh3 Rxe1+ 31. Kg2 Nxd2 32. Nf4 Qf3+ 33. Kh3 Ne4 34.
Nd3 0-1

[Event "Xtracon Chess Open 2017"]
[Site "Helsingor DEN"]
[Date "2017.07.24"]
[Round "4.181"]
[White "Hafstad, Leif"]
[Black "Nielsen, Bjorn"]
[Result "1-0"]
[WhiteElo "1735"]
[BlackElo "1353"]
[WhiteFideId "438030"]
[BlackFideId "1416839"]
[EventDate "2017.07.22"]

1. e4 e5 2. Nf3 Nc6 3. Bb5 d6 4. d4 Bd7 5. O-O Nce7 6. Bxd7+ Qxd7 7. dxe5 Rd8 8.
exd6 cxd6 9. Nc3 g6 10. Be3 b6 11. Qd4 f6 12. Qa4 Nc6 13. Nd4 Nxd4 14. Qxd7+
Rxd7 15. Bxd4 Bg7 16. Rad1 Ne7 17. Ne2 O-O 18. f3 Rfd8 19. Nf4 Re8 20. Bc3 f5
21. Bxg7 Kxg7 22. Rfe1 Kf7 23. e5 Rdd8 24. exd6 Nc6 25. Rxe8 Kxe8 26. Kf2 Na5
27. Re1+ Kd7 28. Re7+ Kxd6 29. Rxh7 Rc8 30. c3 Nc6 31. Nxg6 a5 32. Nf4 Ne5 33.
Rh5 Rf8 34. Rh6+ Kc5 35. Ne6+ Kc4 36. Nxf8 Nd3+ 37. Ke3 Nxb2 38. Rxb6 Kxc3 39.
Rb3+ Kc2 40. Ne6 Nd1+ 41. Kf4 a4 42. Ra3 Kb2 43. Rxa4 Nc3 44. Rd4 Kxa2 45. Kxf5
Kb2 46. h4 Kb3 47. h5 Nb5 48. Rd8 Kc4 49. h6 Na7 50. h7 Nc6 51. Rc8 Kb5 52. Rxc6
Kxc6 53. h8=Q Kd5 54. Qd4+ Kc6 55. Ke5 Kb5 56. Qc5+ Ka4 57. Qb6 Ka3 58. Nd4 Ka4
59. Qb5+ Ka3 60. Qb3# 1-0

[Event "Xtracon Chess Open 2017"]
[Site "Helsingor DEN"]
[Date "2017.07.24"]
[Round "4.182"]
[White "Afsari-Rad, Aidin"]
[Black "Pouliart, Sander"]
[Result "1-0"]
[WhiteElo "1733"]
[BlackElo "1236"]
[WhiteFideId "1527177"]
[BlackFideId "251062"]
[EventDate "2017.07.22"]

1. e4 c5 2. Nf3 d6 3. d4 cxd4 4. Nxd4 Nf6 5. Nc3 a6 6. f3 e6 7. Be3 Be7 8. Qd2
O-O 9. g4 Nc6 10. h4 Nxd4 11. Qxd4 e5 12. Qd2 Nxg4 13. fxg4 Bxh4+ 14. Kd1 Bxg4+
15. Kc1 h6 16. Rg1 h5 17. b3 g6 18. Kb2 Be6 19. Be2 Kh7 20. Qd1 Bg4 21. Bxg4
hxg4 22. Qxg4 Kg7 23. Nd5 Rh8 24. Raf1 1-0

[Event "Xtracon Chess Open 2017"]
[Site "Helsingor DEN"]
[Date "2017.07.24"]
[Round "4.184"]
[White "Horslund, Mikael"]
[Black "Gelders, Eline"]
[Result "1-0"]
[WhiteElo "1726"]
[BlackElo "1298"]
[WhiteFideId "1421042"]
[BlackFideId "249025"]
[EventDate "2017.07.22"]

1. d4 d5 2. c4 dxc4 3. e3 Nf6 4. Bxc4 Bf5 5. Nc3 Nc6 6. Nf3 e6 7. Qa4 a6 8. Ne5
Bd6 9. Nxc6 bxc6 10. Qxc6+ Nd7 11. e4 Bg6 12. Bg5 Qc8 13. O-O O-O 14. f4 h6 15.
Bh4 Nb6 16. Bb3 Qd7 17. Qxd7 Nxd7 18. g4 Kh8 19. Rac1 Rfe8 20. Ba4 f6 21. Bxd7
Re7 22. Bc6 Rf8 23. a3 Ref7 24. Ba4 Bh7 25. Bb3 Re8 26. f5 Rff8 27. Bxe6 Bg8 28.
d5 Kh7 29. Rfd1 Bf4 30. Rc2 g5 31. Bg3 Bd6 32. Ne2 Re7 33. Nd4 Ree8 34. Kg2 Kh8
35. Rh1 Kg7 36. h4 Bf7 37. Bxd6 cxd6 38. Rc7 Rb8 39. b4 Kg8 40. hxg5 hxg5 41.
Rc3 Kg7 42. Rch3 1-0

[Event "Xtracon Chess Open 2017"]
[Site "Helsingor DEN"]
[Date "2017.07.24"]
[Round "4.185"]
[White "Gelders, Hanne"]
[Black "Hansen, Verner"]
[Result "0-1"]
[WhiteElo "1206"]
[BlackElo "1855"]
[WhiteFideId "249033"]
[BlackFideId "1425285"]
[EventDate "2017.07.22"]

1. d4 d5 2. e3 Nf6 3. Bd3 c5 4. c3 e6 5. Nf3 Nc6 6. Nbd2 Be7 7. O-O Qc7 8. Re1
e5 9. dxe5 Nxe5 10. Nxe5 Qxe5 11. f4 Qc7 12. Bb5+ Bd7 13. Bxd7+ Qxd7 14. b3 O-O
15. Bb2 Rad8 16. e4 d4 17. Nf3 Qc7 18. cxd4 Qxf4 19. Bc1 Qc7 20. Qd3 cxd4 21.
Nxd4 Rxd4 22. Qf3 Rfd8 23. Bf4 Qc2 0-1

[Event "Xtracon Chess Open 2017"]
[Site "Helsingor DEN"]
[Date "2017.07.24"]
[Round "4.186"]
[White "Tenold, Andreas"]
[Black "Maselli, David"]
[Result "1/2-1/2"]
[WhiteElo "1845"]
[BlackElo "1568"]
[WhiteFideId "1525840"]
[BlackFideId "2814159"]
[EventDate "2017.07.22"]

1. d4 g6 2. e4 Bg7 3. Nc3 d6 4. Nf3 Nf6 5. Be3 O-O 6. h3 a6 7. Bd3 c6 8. O-O Qc7
9. Bf4 Nh5 10. Bh2 e5 11. dxe5 dxe5 12. Qe2 Nd7 13. b4 b5 14. a4 Bb7 15. Nd2 Nf4
16. Qg4 Qd6 17. Bxf4 exf4 18. e5 Nxe5 19. Qxf4 Nf3+ 20. Qxf3 Bxc3 21. Ne4 Qxb4
22. Rab1 Qc5 23. Nxc3 Qxc3 24. Rb3 Qc5 25. axb5 axb5 26. Bxb5 Qxc2 27. Rfb1 cxb5
28. Qxb7 Rfb8 29. Qd5 Ra2 30. Qd4 Qe2 31. Qc5 Rc2 32. Qa7 Kg7 33. Qd4+ Kg8 34.
Qa7 Qe5 35. Re3 Qf4 36. Rf3 Rc1+ 37. Rxc1 Qxc1+ 38. Kh2 Rf8 39. Qb7 Qc4 40. Rf6
Rc8 41. g3 Rc5 42. Rb6 Qe2 43. Rf6 Qc4 44. Rb6 Rf5 45. Qg2 Qe2 46. Kg1 Qe1+ 47.
Qf1 Qxf1+ 48. Kxf1 Kf8 49. Ke2 Rd5 50. Rb7 Ke8 51. Ke3 Kd8 52. Rxf7 Rd7 53. Rf4
Kc7 54. Rd4 Rf7 55. f4 h5 56. Ke4 Kc6 57. Rd5 Re7+ 58. Kd4 Rd7 59. Rxd7 Kxd7 60.
Kc5 Ke6 61. g4 h4 62. Kxb5 Kd5 63. f5 gxf5 64. gxf5 Ke5 65. f6 Kxf6 66. Kc4 Ke5
67. Kd3 Kf4 68. Ke2 Kg3 69. Kf1 Kxh3 70. Kg1 Kg3 71. Kh1 h3 72. Kg1 h2+ 73. Kh1 1/2-1/2